|
|
|
|
| LEADER |
00000nab a2200000 a 4500 |
| 001 |
vtls000856053 |
| 003 |
SK-MaSNL |
| 005 |
20260304103636.0 |
| 008 |
250429c2003 xo 0 slo |
| 015 |
|
|
|a SNBRB2003/12-35895
|
| 035 |
|
|
|a CLN000207708
|
| 035 |
|
|
|a urn:nbn:sk:snk-ab240l
|
| 035 |
|
|
|a (urnnbn)urn:nbn:sk:snk:ar-a01kju
|
| 035 |
|
|
|a (uuid)8decaa72-6e42-4e2f-85b5-df4cd5e9126d
|
| 040 |
|
|
|a SNKBUCL
|b slo
|c SNKBUCL
|e AACR2
|
| 041 |
0 |
|
|a slo
|
| 044 |
|
|
|a xo
|c SK
|
| 080 |
|
|
|a 336.711(437.6):061.3
|2 1997
|
| 110 |
0 |
|
|a Národná banka Slovenska.
|b Tlačové oddelenie
|4 aut
|9 845407
|
| 245 |
0 |
0 |
|a Z rokovania Bankovej rady NBS
|c Tlačové oddelenie OVI NBS
|
| 610 |
|
7 |
|a Národná banka Slovenska
|b Banková rada
|x zasadanie
|y 18.10.2003
|2 snkbucl
|9 1402383
|
| 655 |
|
7 |
|a články z novín a časopisov
|2 snkbucl
|9 267496
|
| 773 |
0 |
|
|t Biatec
|g Roč. 11, č. 11 (2003), s. 28-29
|x 1335-0900
|
| 850 |
|
|
|a Slovenská národná knižnica
|
| 852 |
|
|
|a Slovenská národná knižnica
|
| 954 |
|
|
|a odborná, vedecká literatúra pôvodná (slovenská)
|2 lita
|
| 958 |
|
|
|a article2022
|
| 958 |
|
|
|a SK
|
| 958 |
|
|
|a OND
|
| 958 |
|
|
|a EUIPO
|
| 992 |
|
|
|a RBX
|
| 999 |
|
|
|c 2849385
|d 2851315
|